书目信息 |
| 题名: |
宋学先觉孤山智圆思想研究
|
|
| 作者: | 韩剑英 著 | |
| 分册: | ||
| 出版信息: | 北京 中国社会科学出版社 2016 |
|
| 页数: | 341页 | |
| 开本: | 24cm | |
| 丛书名: | ||
| 单 册: | ||
| 中图分类: | B244.05 | |
| 科图分类: | ||
| 主题词: | 理学--li xue--研究--中国--宋代 | |
| 电子资源: | ||
| ISBN: | 978-7-5161-8618-3 | |
| 000 | 00950nam0 22002411 450 | |
| 001 | 0119171344 | |
| 005 | 20170619171344.0 | |
| 010 | @a978-7-5161-8618-3@dCNY83.00 | |
| 100 | @a20170524d2016 em y0chiy50 ea | |
| 101 | 0 | @achi@deng |
| 102 | @aCN@b110000 | |
| 105 | @ay z 000yy | |
| 106 | @ar | |
| 200 | 1 | @a宋学先觉孤山智圆思想研究@9song xue xian jue gu shan zhi yuan si xiang yan jiu@f韩剑英著 |
| 210 | @a北京@c中国社会科学出版社@d2016 | |
| 215 | @a341页@d24cm | |
| 300 | @a北京市属市管高等学校人才强教深化计划中青年骨干人才项目资助 | |
| 330 | @a本书考察了一代思想家孤山智圆在宋学形成之前、站在唐宋历史转折点上,对宋初儒、释、道三教核心思和根本经典的简择,并通过这些思想和经典在宋学形成和发展阶段的流布,在一定程度上实现了立身行道、垂裕后世的愿望。 | |
| 606 | 0 | @a理学@9li xue@x研究@y中国@z宋代 |
| 690 | @aB244.05@v5 | |
| 701 | 0 | @a韩剑英@9han jian ying@f(1971- )@4著 |
| 801 | 0 | @aCN@b百万庄@c20170617 |
| 905 | @b1013163-8@dB244.05@e67@f6 | |
| 宋学先觉孤山智圆思想研究/韩剑英著.-北京:中国社会科学出版社,2016 |
| 341页;24cm |
| 北京市属市管高等学校人才强教深化计划中青年骨干人才项目资助 |
| ISBN 978-7-5161-8618-3:CNY83.00 |
| 本书考察了一代思想家孤山智圆在宋学形成之前、站在唐宋历史转折点上,对宋初儒、释、道三教核心思和根本经典的简择,并通过这些思想和经典在宋学形成和发展阶段的流布,在一定程度上实现了立身行道、垂裕后世的愿望。 |
| ● |
| 相关链接 |
|
|
|
|
正题名:宋学先觉孤山智圆思想研究
索取号:B244.05/67
 
预约/预借
| 序号 | 登录号 | 条形码 | 馆藏地/架位号 | 状态 | 备注 |
| 1 | 1013163 | 210131631 | 第一样本阅览室/ [索取号:B244.05/67] | 在馆 | |
| 2 | 1013164 | 210131640 | 教育系资料室/ [索取号:B244.05/67] | 在馆 | |
| 3 | 1013165 | 210131659 | 教育系资料室/ [索取号:B244.05/67] | 在馆 | |
| 4 | 1013166 | 210131668 | 教育系资料室/ [索取号:B244.05/67] | 在馆 | |
| 5 | 1013167 | 210131677 | 第一借阅区/ [索取号:B244.05/67] | 在馆 | |
| 6 | 1013168 | 210131686 | 第一借阅区/ [索取号:B244.05/67] | 在馆 |